Normale Ansicht MARC-Ansicht ISBD

A cultural history of marriage (Titelsatznr. 62072)

[ MARC ]
MARC-Details
000 -Satzkennung
Kontrollfeld mit fester Länge 02370nad a22004213ic4500
001 - Kontrollnummer
Kontrollfeld EBC6798687
003 - Kontrollnummer Identifier
Kontrollfeld MiAaPQ
005 - Datum und Zeit der letzten Transaktion
Kontrollfeld 20230411114809.0
007 - Feld mit fester Länge zur physischen Beschreibung - Allgemeine Information
Kontrollfeld mit fester Länge cr cnu||||||||
008 - Feld mit fester Länge zur physischen Beschreibung - Allgemeine Angaben
Kontrollfeld mit fester Länge 230324s2021 xx o ||||0 eng d
020 ## - Internationale Standardbuchnummer
Internationale Standardbuchnummer 9781350103207
Nähere Angaben (electronic bk.)
020 ## - Internationale Standardbuchnummer
Gelöschte/ungültige ISBN 9781350001886
040 ## - Katalogisierungsquelle
Original-Katalogisierungsstelle MiAaPQ
Katalogisierungssprache eng
Übertragungsstelle MiAaPQ
245 12 - Titel
Titel A cultural history of marriage
Zählung des Teils/der Abteilung eines Werkes Volume 4
Titel eines Teils/einer Abteilung eines Werkes A cultural history of marriage in the age of enlightenment
264 #1 - Produktion, Veröffentlichung, Distribution, Herstellung und Urheberrechtsvermerk
Herstellungs-, Veröffentlichungs- Vertriebs-, Erzeugungsort London ; New York ; Oxford ; New Delhi ; Sydney :
Produzent, Herausgeber, Distributor, Hersteller Bloomsbury Academic,
Datum der Herstellung, der Veröffentlichung, des Vertriebs oder des Urheberschutzvermerks 2021.
264 #4 - Produktion, Veröffentlichung, Distribution, Herstellung und Urheberrechtsvermerk
Datum der Herstellung, der Veröffentlichung, des Vertriebs oder des Urheberschutzvermerks {copy}2020.
300 ## - Physische Beschreibung
Umfang 1 online resource (193 pages)
336 ## - Inhaltstyp
Inhaltstypterm Text
Inhaltstypcode txt
Quelle rdacontent
337 ## - Medientyp
Bezeichnung des Medientyps Computermedien
Medientypcode c
Quelle rdamedia
338 ## - Datenträgertyp
Datenträgertypbezeichnung Online Resource
Datenträgertypcode cr
Quelle rdacarrier
490 1# - Gesamttitelangabe
Gesamttitelangabe The cultural histories series
500 ## - Allgemeine Fußnote
Allgemeine Fußnote E-Book-ProQuest / Fernzugriff nach Registrierung möglich
505 0# - Fußnote zu strukturierten Inhaltsangaben
Fußnote zu strukturierten Inhaltsangaben Cover -- Contents -- List of Figures -- Contributors -- General Editor's Preface -- Introduction Edward Behrend-Martínez -- 1 Courtship and Ritual: Eighteenth-Century English Literature and the Reinvention of Courtship Laura E. Thomason -- 2 Religion: Defending Continuity in an Age of Change Edward Behrend-Martínez -- 3 State and Law Rebecca Probert -- 4 The Ties that Bind: Money and Love in Western Europe Kimberly Schutte -- 5 The Family Economy Maria Ågren -- 6 Love, Sex, and Sexuality, 1650-1800 Katherine Crawford -- 7 Breaking Vows: Divorce and Separation in the Postrevolutionary United States of America Allison Fredette -- 8 Representations of Marriage Chris Roulston -- Notes -- Bibliography -- Index.
650 #7 - Nebeneintragung unter einem Schlagwort - Sachschlagwort
Sachschlagwort oder geografischer Name als Eintragungselement Ehe
Koha-Normdatenidentnummer 22285
650 #7 - Nebeneintragung unter einem Schlagwort - Sachschlagwort
Sachschlagwort oder geografischer Name als Eintragungselement Kultur
653 ## - Indexierungsterm - Nicht normiert
Nicht-normierter Term Marriage-History-16th century.
653 ## - Indexierungsterm - Nicht normiert
Nicht-normierter Term Marriage-History-17th century.
653 ## - Indexierungsterm - Nicht normiert
Nicht-normierter Term Marriage-History-18th century.
655 ## - Indexierungsterm - Genre/Form
Genre/Form oder fokussierter Term Fernzugriff
Koha-Normdatenidentnummer 230
700 1# - Nebeneintragung - Personenname
Personenname Behrend-Martínez, Edward.
Koha-Normdatenidentnummer 21901
700 1# - Nebeneintragung - Personenname
Personenname Ferraro, Joanne Marie
Funktionsbezeichnungscode edt
Funktionsbezeichnung editor
Koha-Normdatenidentnummer 22284
773 08 - Übergeordnete Einheit
Zählung und erste Seite Volume4
Datensatzkontrollnummer 1684853796
776 08 - Andere physische Form
Verweisungsphrase Print version:
Haupteintragung Behrend-Martínez, Edward
Titel A Cultural History of Marriage in the Age of Enlightenment
Ort, Verlag und Erscheinungsjahr London : Bloomsbury Publishing Plc,c2021
Internationale Standardbuchnummer 9781350001886
830 #4 - Nebeneintragung unter dem Gesamttitel - Einheitstitel
Einheitstitel The cultural histories series
Koha-Normdatenidentnummer 6986
856 40 - Elektronische Adresse und Zugriff
URL <a href="https://ebookcentral.proquest.com/lib/maxweberstiftung-ebooks/detail.action?docID=6798687">https://ebookcentral.proquest.com/lib/maxweberstiftung-ebooks/detail.action?docID=6798687</a>
OPAC-Notiz Volltext
942 ## - Zusätzliche Felder (Koha)
Koha-Medientyp E-Books
Klassifikation oder Aufstellungssystematik Andere/Generische Klassifikation
Exemplare
Ausgeschieden Verloren Klassifikation oder Aufstellungssystematik Beschädigt Nicht entleihbar Heimatbibliothek Aufenthaltsbibliothek Aufstellungsort Erwerbungsdatum Inventarnummer Signatur Barcode Letzte Aktivität Preis gültig von Koha-Medientyp
    Andere/Generische Klassifikation     MWN Osteuropa MWN Osteuropa Online-Ressource 24/03/2023 23-e00443 E-23-e00443 64657 24/03/2023 24/03/2023 E-Books